Cyclisme : Vainqueurs World Tour Féminin 2023 - Statistiques

Statistiques générales
  • Ce quiz a été pris 41 fois
  • Le résultat moyen est 57 sur 88
Statistiques - réponses
Cours Team Première % Correct
Strade Bianche Team SD Worx Demi Vollering
97%
Amstel Gold Race Team SD Worx Demi Vollering
97%
La Flèche Wallonne Team SD Worx Demi Vollering
97%
Liège Bastogne Liège Team SD Worx Demi Vollering
97%
Vuelta Espana - E5 Team SD Worx Demi Vollering
97%
Vuelta Espana - E7 Team SD Worx Demi Vollering
97%
Itzulia Women - E1 Team SD Worx Demi Vollering
97%
Itzulia Women - E2 Team SD Worx Demi Vollering
97%
Vuelta a Burgos - E2 Team SD Worx Demi Vollering
97%
Vuelta a Burgos - E4 Team SD Worx Demi Vollering
97%
Vuelta a Burgos - CG Team SD Worx Demi Vollering
97%
Tour de France - E7 Team SD Worx Demi Vollering
97%
Tour de France - CG Team SD Worx Demi Vollering
97%
Tour de Romandie - E2 Team SD Worx Demi Vollering
97%
Tour de Romandie - CG Team SD Worx Demi Vollering
97%
UAE Tour - E3 Trek Segafredo Elisa Longo Borghini
91%
UAE Tour - CG Trek Segafredo Elisa Longo Borghini
91%
Giro d'Italia - E4 Trek Segafredo Elisa Longo Borghini
91%
Vuelta Espana - CG Movistar Team Annemiek Van Vleuten
89%
Giro d'Italia - E2 Movistar Team Annemiek Van Vleuten
89%
Giro d'Italia - E6 Movistar Team Annemiek Van Vleuten
89%
Giro d'Italia - E7 Movistar Team Annemiek Van Vleuten
89%
Giro d'Italia - CG Movistar Team Annemiek Van Vleuten
89%
Tour of Scandinavia - CG Movistar Team Annemiek Van Vleuten
89%
Omloop Het Nieuwsblad Team SD Worx Lotte Kopecky
89%
Ronde van Vlaanderen Team SD Worx Lotte Kopecky
89%
Tour de France - E1 Team SD Worx Lotte Kopecky
89%
Simac Ladies Tour - E2 Team SD Worx Lotte Kopecky
89%
Simac Ladies Tour - E4 Team SD Worx Lotte Kopecky
89%
Simac Ladies Tour - CG Team SD Worx Lotte Kopecky
89%
UAE Tour - E2 Team SD Worx Lorena Wiebes
83%
Ronde van Drenthe Team SD Worx Lorena Wiebes
83%
Vuelta a Burgos - E1 Team SD Worx Lorena Wiebes
83%
Vuelta a Burgos - E3 Team SD Worx Lorena Wiebes
83%
Giro d'Italia - E3 Team SD Worx Lorena Wiebes
83%
Tour de France - E3 Team SD Worx Lorena Wiebes
83%
Tour of Scandinavia - E1 Team SD Worx Lorena Wiebes
83%
Tour of Scandinavia - E3 Team SD Worx Lorena Wiebes
83%
Simac Ladies Tour - E5 Team SD Worx Lorena Wiebes
83%
Vuelta Espana - E3 Jumbo Visma Marianne Vos
83%
Vuelta Espana - E4 Jumbo Visma Marianne Vos
83%
Gent Wevelgem Team SD Worx Marlen Reusser
74%
Itzulia Women - E3 Team SD Worx Marlen Reusser
74%
Itzulia Women - CG Team SD Worx Marlen Reusser
74%
Tour de Suisse - E2 Team SD Worx Marlen Reusser
74%
Tour de Suisse - CG Team SD Worx Marlen Reusser
74%
Tour de France - E8 Team SD Worx Marlen Reusser
74%
Simac Ladies Tour - E1 Lidl Trek Elisa Balsamo
71%
Tour of Scandinavia - E2 FDJ Suez Cecilie Ludwig
63%
Tour of Scandinavia - E5 FDJ Suez Cecilie Ludwig
63%
Tour de France - E2 Movistar Team Liane Lippert
57%
Tour de Romandie - E3 Movistar Team Liane Lippert
57%
UAE Tour - E1 Team DSM Charlotte Kool
49%
UAE Tour - E4 Team DSM Charlotte Kool
49%
Vuelta Espana - E2 Team DSM Charlotte Kool
49%
RideLondon Classique - E1 Team DSM Charlotte Kool
49%
RideLondon Classique - E3 Team DSM Charlotte Kool
49%
RideLondon Classique - CG Team DSM Charlotte Kool
49%
Simac Ladies Tour - Prologue Team DSM Charlotte Kool
49%
Simac Ladies Tour - E3 Team DSM Charlotte Kool
49%
Tour de Suisse - E1 Team SD Worx Blanka Vas
43%
Giro d'Italia - E8 Team SD Worx Blanka Vas
43%
Giro d'Italia - E9 UAE Team Chiara Consonni
43%
Tour of Chongming - E3 UAE Tour Chiara Consonni
43%
Tour of Chongming - CG UAE Tour Chiara Consonni
43%
Tour Down Under - E3 FDJ Suez Grace Brown
43%
Tour Down Under - CG FDJ Suez Grace Brown
43%
Tour of Scandinavia - E4 FDJ Suez Grace Brown
43%
Tour de Suisse - E4 Team SD Worx Niamh Fisher-Black
43%
Paris Roubaix EF Education Alison Jackson
40%
Vuelta Espana - E6 Trek Segafredo Gaia Realini
40%
Tour de France - E5 Canyon SRAM Ricarda Bauernfeind
40%
RideLondon Classique - E2 Canyon SRAM Chloe Dygert
37%
Tour de France - E6 Movistar Team Emma Norsgaard
34%
Vuelta Espana - E1 (TTT) Jumbo Visma
34%
Classic Lorient Agglomération Team SD Worx Mischa Bredewold
31%
Brugge de Panne Team DSM Georgi Pfeiffer
29%
Tour de France - E4 Fenix Deceuninck Yara Kastelijn
26%
Cadel Evans FDJ Suez Loes Adegeest
23%
Trofeo Alfredo Binda Trek Segafredo Shirin Van Anrooij
23%
Giro d'Italia - E5 Canyon SRAM Antonia Niedermaier
20%
Tour Down Under - E2 Jayco AlUla Alexandra Manly
17%
Tour Down Under - E1 Human Powered Daria Pikulik
17%
Tour de Suisse - E3 UAE Team Eleonora Gasparrini
17%
Tour of Chongming - E1 Ceratizit WNT Mylène De Zoete
11%
Tour de Romandie - E1 UAE Tour Sofia Bertizzolo
11%
Tour of Chongming - E2 Li Ning Star Hanna Tserakh
9%
Tour of Guangxi Human Powered Daria Pikulik
3%
Aucun quiz correspondant
Distribution des résultats
% des personnes avec chaque résultat
Percentile par nombre de réponses
Votre historique - résultats
Vous n’avez pas pris ce quiz